№ 11-13, 15, 17-19, 21-24; Разведка недр

מידע ביבליוגרפי
Parent link:Разведка недр: журнал/ Орган Всесоюзного геолого-разведочного объединения. № 11-13, 15, 17-19, 21-24.— , 1931-1953.— 0034-026X
שפה:רוסית
יצא לאור: 1935
פורמט: MixedMaterials ספר
KOHA link:https://koha.lib.tpu.ru/cgi-bin/koha/opac-detail.pl?biblionumber=381065

MARC

LEADER 00000nam2a2200000 4500
001 381065
005 20231101062758.0
035 |a (RuTPU)RU\TPU\prd\3088 
090 |a 381065 
100 |a 20020416b19311953k y0rusy50 ca 
101 0 |a rus 
102 |a RU 
200 0 |a № 11-13, 15, 17-19, 21-24 
210 |d 1935 
461 1 |0 (RuTPU)RU\TPU\prd\931  |x 0034-026X  |t Разведка недр  |o журнал  |f Орган Всесоюзного геолого-разведочного объединения  |v № 11-13, 15, 17-19, 21-24  |d 1931-1953 
801 0 |a RU  |b 63413507  |c 20010227  |g PSBO 
801 1 |a RU  |b 63413507  |c 20020416  |g PSBO 
801 2 |a RU  |b 63413507  |c 20091207  |g PSBO 
942 |c BK 
999 |a НТБ_ТПУ  |b НФ  |e -1/20010101  |p П-3078  |u 0,00  |v 1